| 000 | 02183cam a22004694i 4500 | ||
|---|---|---|---|
| 003 | PE-LiUPU | ||
| 005 | 20250731165529.0 | ||
| 008 | 150623s r 000 0 d | ||
| 035 | _a(Sirsi) a29427 | ||
| 035 | _a(Sirsi) a29427 | ||
| 040 |
_aPE-LiUPU _bspa _cPE-LiUPU _erda |
||
| 082 | 0 | 4 |
_a291 _bG73 _221 |
| 100 | 1 |
_aGorse, Maxime, _eed., _eautor. |
|
| 245 | 1 | 0 |
_aHistorie Générale des religions : _bIndo - Iraniens judaisme, origines, cretiennes. _n3 / _cMaxime Gorce, Raoul Mortier. |
| 264 | 1 |
_aBoulevard Saint-Germain-Paris : _bLibrarie Aristide Quillet, _c1948. |
|
| 300 |
_a484 p : _bilustraciones, gráficos dibujs. fotos ; _c30cm. |
||
| 336 |
_atext _2rdacontent |
||
| 337 |
_aunmediated _2rdamedia |
||
| 338 |
_avolume _2rdacarrier |
||
| 505 | 0 | _aLes religions de l´inde. -Les religions de l´iran. -Judaisme. -Le mandéisme. -Le manichéisme. -Jésus. -Chritianisme primitif. -Les premiéres réalisations du chritianisme. -La stabilisation du christianisme et la préparation de l´ancien catholicisme. -Les origines apostoliques de la systématisation catholique. -Le christianisme dans le monde romain. -Le christianisme dans le monde barbare. -Le christianisme en Éypte. -L´eglise Chrétienne en Éthiopie. -L´eglise D´orient. -l´eglise Russe. -Notes et références bibliographiques. | |
| 526 | _aSEG44 | ||
| 526 | _aSEG26 | ||
| 526 | _aP151 | ||
| 526 | _aP150 | ||
| 526 | _aP149 | ||
| 526 | _aP146 | ||
| 526 | _aP145 | ||
| 526 | _aP126 | ||
| 526 | _aP125 | ||
| 526 | _aP92 | ||
| 526 | _aP75 | ||
| 526 | _aP74 | ||
| 526 | _aP27 | ||
| 526 | _aP15 | ||
| 700 | 1 |
_aMortier, Raoul, _eed. |
|
| 942 |
_2ddc _cBOOK |
||
| 949 |
_aRC 291 G73 3 _wDEWEY _c1 _i14033 _lRC _mBUL _r0 _sY _tBOOK _u2015-6-24 _xBIBLIOTECA _zUNKNOWN _0COMPRA _o.CIRCNOTE. No olvidar cambiar la fecha de devolución!!!!!!! _o.STAFF. Colección General |
||
| 994 |
_aC0 _bPEPRU |
||
| 596 | _a1 | ||
| 999 |
_aRC 291 G73 3 _wDEWEY _c36782 _i14033 _f2021-11-8 _g7 _lCCODEBUL1 _mBUL _r1 _sY _tBOOK _u2015-6-24 _xTEOLOGIA _zUNKNOWN _0COMPRA _o.CIRCNOTE. No olvidar cambiar la fecha de devolución!!!!!!! _o.STAFF. Colección General _d36782 |
||
| 980 |
_81 _gALBERTO SANCHEZ Responsable de Automatización |
||